000 00542nam a22001817a 4500
005 20251108172735.0
008 250721s1999 xx 000 0 ara d
082 1 4 _a267.8/عبد
100 1 _aعبد الوهاب، محمد
_eمؤلف
245 1 0 _aالتبيان شرح نواقض الإسلام /
264 1 _aعمان :
_bدار البيارق،
_c1999.
300 _a120ص.
650 1 7 _aالفقه الإسلامي
650 1 7 _aالحدود
650 1 7 _aالشريعة الإسلامية
942 _2ddc
_cBK
999 _c87288
_d87288